000
00319nam a2200121Ia 4500
008
220216s9999 xx 000 0 und d
100
_a
Harper D A
245
0
_a
Technology of new rubbery condensation polymers
260
_b
IRI Transactions
_c
1948
300
_a
181-195
650
_a
Condensation polymers
942
_c
JS
999
_c
70352
_d
70352